Guide to Eastern European Business Education (Бичлэгийн дугаар. 145872)
| 000 -УДИРДЛАГА | |
|---|---|
| Удирдлага | 00661nam a22002417a 4500 |
| 003 - ХЯНАЛТЫН ТОО ТОДОРХОЙЛОГЧ | |
| Код | MN-UlNUM |
| 005 - БИЧИЛТ ХИЙСЭН ОГНОО | |
| Тухайн бичилтийг бичсэн засварласан сүүлийн огноо | 20251209110229.0 |
| 008 - ЕРӨНХИЙ МЭДЭЭЛЭЛ | |
| Ерөнхий мэдээлэл | 251209s1992 nyua|||| |||| 00| 0 eng d |
| 020 ## - ISBN | |
| ISBN | 9071776115 |
| 040 ## - БИЧЛЭГ ҮҮСГЭГЧ БАЙГУУЛЛАГА | |
| Бичлэг үүсгэгч номын сангийн код | МУИС-ийн номын сан |
| 084 ## - ББК АНГИЛАЛ | |
| Нэмэлт тусгалт | Бусад |
| ББК ангилал | 65.262.2 |
| Зохиогчийн гурван тэмдэгт | G 93 |
| Мэдлэгийн ялгаа | 65 - Эдийн засаг |
| 245 14 - ҮНДСЭН ГАРЧИГ | |
| Номын нэр | Guide to Eastern European Business Education |
| 250 ## - ДАХИН ХЭВЛЭЛТ | |
| Дахин гаралтын дугаар | First ed |
| 260 ## - ГАРАЛТЫН МЭДЭЭ | |
| Хэвлэгдсэн газар | IMEC pub, |
| Хэвлэлийн газар | Salland de Lange |
| Хэвлэгдсэн он | 1992, |
| 300 ## - МАТЕРИАЛЫН ТОДОРХОЙЛОЛТ | |
| хуудасны тоо | 491p.: |
| 500 ## - Тайлбар | |
| Дансны дугаар | БС 4495 |
| 546 ## - ХЭЛНИЙ ТУХАЙ МЭДЭЭ | |
| Хэл | Англи хэл дээр, |
| 740 ## - НОМЫН ГАРЧИГ | |
| Гарчиг | National educational systems in Eastern Europe |
| 740 ## - НОМЫН ГАРЧИГ | |
| Гарчиг | Institutional descriptions per country |
| 740 ## - НОМЫН ГАРЧИГ | |
| Гарчиг | Programmes by category |
| 942 ## - ЭЛЕМЕНТИЙН ТӨРӨЛ | |
| Зүйлийн төрөл | Ном |
